000 00359nam a2200133Ia 4500
008 100328s9999 xx 000 0 und d
082 _b23045
100 _aबोरकर लक्ष्मीदास
245 _aनुमरॅग
260 _bश्रीरंग
630 _aनुमरॅग
730 _aनुमरॅग
942 _cBOOK
999 _c516832
_d516829